Spell the Marvel Character #146 - Statistics

General Stats
  • This quiz has been taken 12 times
  • The average score is 10 of 12
Answer Stats
Picture Answer % Correct
Drax
100%
Emma Frost
100%
Rogue
100%
Spider-Woman
100%
Ironheart
91%
SP//dr
91%
Wonder Man
91%
Armor
82%
Outlaw
82%
Phastos
73%
Meggan
45%
Nikki
45%
No matching quizzes found
Score Distribution
Percent of People with Each Score
Percentile by Number Answered
Your Score History
You have not taken this quiz